000 005250000a22001930004500
001 004415
003 MACL
005 20150814140547.0
008 150814b xxu||||| |||| 00| 0 eng d
040 _aMACL
_cMACL
041 _aEnglish
082 _a501/GUH
100 _aGuha, Amalendu
_91098
245 _aPhilosophy, Science & Culture Of Peace
_cAmalendu Guha
260 _aCalcutta
_c2002
_bMahatma M.K. Gandhi Foundation For Non V̜iolent Peace,
350 _a500
650 _aPhilosophy
_95575
942 _k501
_cBK
_2ddc
999 _c16305
_d16305